000 00845nam a2200241Ia 4500
003 OSt
005 20221005112548.0
006 a|||||r|||| 00| 0
007 ta
008 221004b |||||||| |||| 00| 0 pan d
020 _a9789350680988 (hbk)
_c225
024 _a6913
037 _b693, 12/06/2013, H.K. Prakashan
_cTextual
040 _aCRL
_cCRL
_bpan
041 _2pan
_apan
082 _aG:55, 153Q2
100 _aਧਾਲੀਵਾਲ, ਰਾਜਦੀਪ ਸਿੰਘ, ਥਦ.
245 0 _aਵਾਤਾਵਰਣ ਸਮੱਸਿਆਵਾਂ
260 _aਚੰਡੀਗੜ
_bਲੋਕਗੀਤ ਭਾਰਤ
_c2012
300 _a178ਪੰ
_ccm.
942 _hG:55, 153Q2
_cTEXL
_2cc
999 _c1025253
_d1025253